| 000 | 01199nam a22002657a 4500 | ||
|---|---|---|---|
| 005 | 20170124103158.0 | ||
| 010 | _aB-076025 | ||
| 020 | _c300.00 | ||
| 035 | _aB-076025 | ||
| 037 | _bCen Lib/Ret | ||
| 040 |
_aDPL _bHN |
||
| 082 |
_a784.1954 _bसेठरे |
||
| 100 |
_aसेठ, रेखा _92233 |
||
| 245 |
_aभारतीय तन्त्र वाधोंकी उत्पत्ति एवं विकास / _c रेखा सेठ |
||
| 246 |
_aBhartiya tantr vadhhon ki utpatti evam vikas _bby Rekha Seth |
||
| 260 |
_aमेरठ _bईशान प्रकाशन _c2002 |
||
| 270 |
_a17, शिव पूरी _bमेरठ _e250001 |
||
| 300 |
_a182पृष्ठ. : _c20सेमी(सजिल्द) _bचित्र. |
||
| 500 | _aसहायक ग्रन्थ सूची शामिल | ||
| 650 |
_aसंगीत शास्त्र _990506 |
||
| 650 |
_aभारतीय वाधों में तंत्रवाधों का वर्णन _990507 |
||
| 650 |
_aMusic Arts _990508 |
||
| 650 |
_aIndian Wadon describe the Tntrwadon _990509 |
||
| 942 |
_2ddc _cHN _h784.1954 _mसेठरे |
||
| 999 |
_c120454 _d120454 |
||